[Event "Collado Villalba op-A 27th"]
[Site "Collado Villalba"]
[Date "2010.08.24"]
[Round "5"]
[White "Tudela Corbalan, Carlos"]
[Black "Pena Aumar, Nicolas"]
[Result "1-0"]
[WhiteElo "2209"]
[BlackElo "2083"]
[PlyCount "53"]
[EventDate "2010.08.20"]
[EventType "swiss"]
[EventRounds "10"]
[EventCountry "ESP"]
[SourceTitle "CBM 138 Extra"]
[Source "ChessBase"]
[SourceDate "2010.10.29"]
[SourceVersion "1"]
[SourceVersionDate "2010.10.29"]
[SourceQuality "1"]

1. e4 e5 2. f4 Bc5 3. Nf3 d6 4. c3 Nf6 5. d4 exd4 6. cxd4 Bb6 7. Nc3 0-0 8. Be2 d5 9. e5 Ne4 10. Be3 Nc6 11. 0-0 Be6 12. Na4 Ne7 13. Kh1 Bg4 14. Qe1 f5 15. h3 Bh5 16. Rg1 Be8 17. Nxb6 axb6 18. a3 Kh8 19. Kh2 c5 20. Bd3 h6 21. g4 Ng6 22. Qe2 Nh4 23. Nxh4 Qxh4 24. gxf5 cxd4 25. Qg2 Rg8 26. f6 dxe3 27. fxg7+ 1-0